Stimmen zu Krieg und Frieden im Renaissance-Humanismus / (Titelsatznr. 4049)
[ MARC ]
| 000 -Satzkennung | |
|---|---|
| Kontrollfeld mit fester Länge | 00663nam a22001931c 4500 |
| 001 - Kontrollnummer | |
| Kontrollfeld | a987684249 |
| 008 - Feld mit fester Länge zur physischen Beschreibung - Allgemeine Angaben | |
| Kontrollfeld mit fester Länge | 051017s1990 gw |||| 000u ger d |
| 020 ## - Internationale Standardbuchnummer | |
| Internationale Standardbuchnummer | 3525824750 |
| Verknüpfung | 3-525-82475-0 |
| 041 ## - Sprachcode | |
| Sprachcode des Textes/der Tonspur oder des separaten Titels | ger |
| 040 ## - Katalogisierungsquelle | |
| Übertragungsstelle | RU-10907106 |
| 003 - Kontrollnummer Identifier | |
| Kontrollfeld | RU-10907106 |
| 100 1# - Haupteintragung - Personenname | |
| Personenname | Diesner, Hans-Joachim |
| 245 00 - Titel | |
| Titel | Stimmen zu Krieg und Frieden im Renaissance-Humanismus / |
| Verfasserangabe etc. | von Hans-Joachim Diesner |
| 264 ## - Produktion, Veröffentlichung, Distribution, Herstellung und Urheberrechtsvermerk | |
| Herstellungs-, Veröffentlichungs- Vertriebs-, Erzeugungsort | Göttingen : |
| Produzent, Herausgeber, Distributor, Hersteller | Vandenhoeck & Ruprecht, |
| Datum der Herstellung, der Veröffentlichung, des Vertriebs oder des Urheberschutzvermerks | 1990 |
| 300 ## - Physische Beschreibung | |
| Umfang | 101 S. |
| 490 #0 - Gesamttitelangabe | |
| Gesamttitelangabe | Abhandlungen der Akademie der Wissenschaften in Göttingen : Philologisch-historische Klasse |
| Bandnummer/Folgebezeichnung | Folge 3, 188 |
| 500 ## - Allgemeine Fußnote | |
| Allgemeine Fußnote | Quellen- und Literaturverz. S. [96] - 101 |
| 942 ## - Zusätzliche Felder (Koha) | |
| Koha-Medientyp | Monographien |
| Ausgeschieden | Verloren | Klassifikation oder Aufstellungssystematik | Beschädigt | Nicht entleihbar | Heimatbibliothek | Aufenthaltsbibliothek | Aufstellungsort | Erwerbungsdatum | Inventarnummer | Signatur | Barcode | Letzte Aktivität | Preis gültig von | Koha-Medientyp |
|---|---|---|---|---|---|---|---|---|---|---|---|---|---|---|
| Andere/Generische Klassifikation | MWN Osteuropa | MWN Osteuropa | Lesesaal - 1 | 17/10/2005 | 05-06323 | D 31 u Die | E00401507618B7E4 | 22/02/2021 | 22/03/2021 | Monographien |